[Event "Asia Nations online Cup (Women)"]
[Site "Chess.com INT"]
[Date "2020.10.11"]
[Round "3.9"]
[White "Raya, Alnaimat"]
[Black "Prommuang, Araya"]
[Result "1-0"]
[WhiteElo "1694"]
[BlackElo "1400"]
[PlyCount "57"]
[EventDate "2020.10.11"]
[EventType "team-swiss (rapid)"]
[EventRounds "9"]
[EventCountry "IND"]
[SourceTitle "CBM 198 Extra"]
[Source "ChessBase"]
[SourceDate "2020.11.30"]
[SourceVersion "1"]
[SourceVersionDate "2020.11.30"]
[SourceQuality "1"]
[WhiteTeam "Jordan (W)"]
[BlackTeam "Thailand (W)"]
[WhiteTeamCountry "JOR"]
[BlackTeamCountry "THA"]

1. d4 d5 2. Bf4 Nf6 3. e3 e6 4. Nf3 b6 5. Ne5 Bb7 6. Bb5+ c6 7. Bd3 Nbd7 8. 0-0 Be7 9. Nd2 0-0 10. c3 c5 11. Qf3 Rc8 12. Qh3 Ne4 13. f3 c4 14. Bc2 Nef6 15. g4 g6 16. Bh6 Re8 17. f4 b5 18. f5 Nxe5 19. dxe5 Nd7 20. Nf3 Qc7 21. f6 Bc5 22. Rae1 b4 23. Ng5 Qxe5 24. Bxg6 Nxf6 25. Nxf7 Qb8 26. Rxf6 Be7 27. Bxh7+ Kxh7 28. Bf8+ Kg8 29. Qh8# 1-0

[Event "Eastern Asia-ch U12 Girls 4th"]
[Site "Bangkok"]
[Date "2019.08.06"]
[Round "7.2"]
[White "Prommuang, Araya"]
[Black "Purwanto, Armenia Zendy"]
[Result "0-1"]
[WhiteElo "1470"]
[BlackElo "1683"]
[PlyCount "82"]
[EventDate "2019.08.02"]
[EventType "swiss"]
[EventRounds "9"]
[EventCountry "THA"]
[SourceTitle "EXT 2024"]
[Source "ChessBase"]
[SourceDate "2023.10.10"]
[SourceVersion "1"]
[SourceVersionDate "2023.10.10"]
[SourceQuality "1"]

1. d4 d5 2. c4 e6 3. Nc3 b6 4. cxd5 exd5 5. Nf3 Nf6 6. Bg5 Be7 7. e3 0-0 8. Bd3 h6 9. Bh4 Bb7 10. 0-0 Ne4 11. Bxe7 Qxe7 12. Qc2 Nxc3 13. Qxc3 Ba6 14. Bxa6 Nxa6 15. Qb3 Qd6 16. Rac1 c5 17. Rfd1 c4 18. Qa4 Nc7 19. b3 b5 20. Qa5 Rfb8 21. bxc4 bxc4 22. Rb1 Rb6 23. h3 Rab8 24. Rxb6 axb6 25. Qa7 Ra8 26. Qb7 Rxa2 27. Qc8+ Kh7 28. Qf5+ Qg6 29. Qd7 Ra7 30. Ne5 Qe6 31. Qxf7 Qxf7 32. Nxf7 Nb5 33. Ne5 Nc3 34. Re1 b5 35. Nc6 Ra6 36. Nb4 Ra4 37. Nc6 b4 38. Ne5 b3 39. Nf3 b2 40. Nd2 Ra1 41. Kf1 Ne4 0-1

[Event "THA-ch (Women)"]
[Site "Bangkok"]
[Date "2019.05.02"]
[Round "3.3"]
[White "Prommuang, Araya"]
[Black "Pinphetsawan, Sirikwan"]
[Result "1-0"]
[WhiteElo "1439"]
[BlackElo "1484"]
[PlyCount "73"]
[EventDate "2019.05.01"]
[EventType "swiss"]
[EventRounds "9"]
[EventCountry "THA"]
[SourceTitle "CBM 190 Extra"]
[Source "ChessBase"]
[SourceDate "2019.07.15"]
[SourceVersion "1"]
[SourceVersionDate "2019.07.15"]
[SourceQuality "1"]

1. d4 e6 2. c4 b6 3. Nc3 Bb4 4. e4 Bb7 5. Bd3 Ne7 6. Nf3 Bxc3+ 7. bxc3 0-0 8. 0-0 d5 9. exd5 exd5 10. cxd5 Nxd5 11. c4 Nf6 12. Be3 Nbd7 13. h3 h6 14. Re1 Re8 15. Rb1 Be4 16. Bxe4 Nxe4 17. Qc2 c5 18. Bxh6 Ndf6 19. Be3 cxd4 20. Bxd4 Rc8 21. Bxf6 Nxf6 22. Rxe8+ Qxe8 23. Re1 Qc6 24. Rd1 b5 25. c5 Nd7 26. Qf5 Nxc5 27. Ng5 Qc7 28. Qh7+ Kf8 29. Qh8+ Ke7 30. Qxg7 Qf4 31. Re1+ Kd6 32. Nxf7+ Kc6 33. Qg6+ Kc7 34. Re7+ Nd7 35. Ne5 Kb8 36. Nxd7+ Ka8 37. Qe4+ 1-0